Manusmriti : (Record no. 53513)

MARC details
000 -LEADER
fixed length control field 00885nam a22002417a 4500
005 - DATE AND TIME OF LATEST TRANSACTION
control field 20110628104948.0
008 - FIXED-LENGTH DATA ELEMENTS--GENERAL INFORMATION
fixed length control field 110628t xxu||||| |||| 00| 0 eng d
010 ## - LCCN (DPL NO)
LC control number ENG-102874
020 ## - INTERNATIONAL STANDARD BOOK NUMBER
International Standard Book Number 9788175349025
Terms of availability 1295.00
035 ## - SYSTEM CONTROL NUMBER
System control number EN-86407
037 ## - SOURCE OF ACQUISITION
Source of stock number/acquisition DBAD/PUB
040 ## - CATALOGING SOURCE
Original cataloging agency DPL
Language of cataloging Eng
082 ## - DEWEY DECIMAL CLASSIFICATION NUMBER
Classification number 220.65
100 ## - MAIN ENTRY--PERSONAL NAME
9 (RLIN) 28897
Personal name Chaturvedi, R.G.
245 ## - TITLE STATEMENT
Title Manusmriti :
Statement of responsibility, etc by R.G.Chaturvedi
Remainder of title the constitution of the Vedic society /
260 ## - PUBLICATION, DISTRIBUTION, ETC. (IMPRINT)
Place of publication, distribution, etc New Delhi
Name of publisher, distributor, etc Universal Law Publishing
Date of publication, distribution, etc 2010
270 ## - ADDRESS
Address CFF-1A, Dilkhush industrial estate, G.T.Karnal road
City Delhi
Postal code 110033
300 2# - PHYSICAL DESCRIPTION
Extent lxx,724p
Dimensions 24cm (Hb)
500 ## - GENERAL NOTE
General note Includes index
700 ## - ADDED ENTRY--PERSONAL NAME
9 (RLIN) 28907
942 ## - ADDED ENTRY ELEMENTS (KOHA)
Source of classification or shelving scheme Dewey Decimal Classification
Item type English Books
Classification part 220.65
Call number suffix CHA
Holdings
Withdrawn status Lost status Source of classification or shelving scheme Damaged status Not for loan Collection code Home library Current library Date acquired Source of acquisition Cost, normal purchase price Total Checkouts Full call number Barcode Date last seen Copy number Cost, replacement price Koha item type
    Dewey Decimal Classification   Not For Loan Non-fiction D.B.Act.Division D.B.Act.Division 01/07/2011 DBAD/PUB 1295.00   220.65 CHA EN-86407 01/07/2011 1 1295.00 English Books

© Delhi Public Library
Hit Counter
free hit counter